| 000 | 02438nam0a2200349 4500 | ||
|---|---|---|---|
| 001 | RU\NLR\BIBL_A\022667421 | ||
| 005 | 20260203125335.0 | ||
| 021 |
_aRU _bКН-П-25-060443 _9КН-П-25-5833 |
||
| 035 | _a(NLR Aleph) 022667421 | ||
| 090 |
_a13543913 _c13543913 |
||
| 100 | _a20251118d2025 u y0rusy50 ca | ||
| 101 | 0 | _arus | |
| 102 | _aRU | ||
| 105 | _ay j 000yy | ||
| 181 | 0 |
_ai _baxxe |
|
| 182 | 0 | _an | |
| 200 | 1 |
_aДеятельность нарядов патрульно-постовой службы полиции по выявлению, пресечению и документированию правонарушений и преступлений на маршруте патрулирования _eучебное посбие _eдля педагогических работников и слушателей образовательных организаций системы МВД России _fЛ. Б. Прудникова, О. А. Бекман, И. В. Бушуев, В. Н. Чернышов _gФедеральное государственное казенное образовательное учреждение высшего образования "Ростовский юридический институт Министерства внутренних дел Российской Федерации" (ФГКОУ ВО РЮИ МВД России) |
|
| 203 |
_aТекст _bвизуальный _cнепосредственный |
||
| 210 |
_aРостов-на-Дону _cРЮИ _d2025 |
||
| 215 |
_a95 с. _d20 |
||
| 300 | _aНад вып. дан. 1-й авт.: Прудникова Л. Б., канд. юрид. наук, доц. | ||
| 320 | _aБиблиогр.: с. 80–81 (13 назв.) | ||
| 606 | 1 |
_aПолиция _jУчебные издания _xПатрульно-постовая служба _yРоссийская Федерация _92140574 _3RU\NLR\AUTH\661594740 |
|
| 686 | 1 | _aХ621.163.1я7 | |
| 701 | 1 |
_aПрудникова _bЛ. Б. _gЛариса Борисовна |
|
| 701 | 1 |
_aБекман _bО. А. _gОльга Андреевна |
|
| 701 | 1 |
_aБушуев _bИ. В. _gИгорь Венальевич |
|
| 701 | 1 |
_aЧернышов _bВ. Н. _cсотрудник полиции _f1978- _gВладимир Николаевич _92694525 _3RU\NLR\AUTH\770289229 |
|
| 942 | _cBOOK | ||
| 980 | _aNB | ||